00750pam a2200241 a 4500001000800000005001700008008004100025010001700066020001500083040002300098041000800121060002000129080001500149082001900164100000600183101000800189245007200197504005100269906004500320942001200365999001700377952011400394157708920180207045317.0930304s1994 maua bf 001 0 eng c a 93000874  a0316516570 aDNLM/DLCcDLCdDLC aeng aWK 39 M294 1993 a616.4 LAV00a616.4 LAV220 a3 aSHM00aManual of endocrinology and metabolism /c[edited by] Norman Lavin. aIncludes bibliographical references and index. a7bcbccorignewd1eocipf19gy-gencatlg 2ddccBK c41992d41992 00102udc40708PËKGa002b002cPËKGd2018-02-07l0o616.4 LAVp002-2998966r2018-02-07w2018-02-07yBK